| 000 | 00733nam a2200229Ia 4500 | ||
|---|---|---|---|
| 001 | 10163 | ||
| 003 | GE_BSU | ||
| 008 | 181216s||||||||xx |||||||||||||| ||und|| | ||
| 040 | _cGE_BSU | ||
| 080 | _a821.353.1–1 | ||
| 100 | _aროყვა,შოთა | ||
| 245 | _aსოფლის სიყვარული | ||
| 245 | _bლექსები | ||
| 245 | _cრედ.ნ.მალაზონია.მხატვ.მ.ჩარგეიშვილი | ||
| 260 | _aბათუმი | ||
| 260 | _bსახელგამი | ||
| 260 | _c1955 | ||
| 300 | _a134გვ.1ფ.პორტრ.14სმ. | ||
| 653 | _aლექსები | ||
| 653 | _aსოფლის სიყვარული | ||
| 942 | _cBK | ||
| 999 |
_c43433 _d43433 |
||